| 000 | 00756 a2200229 4500 | ||
|---|---|---|---|
| 010 | _aENG-89068 | ||
| 020 |
_a81246043715 _c480.00 |
||
| 035 | 1 | 4 | _aEN-72601 |
| 037 | 1 | _bDBAD / PUB | |
| 082 | 1 | 4 | _a181.43 |
| 090 |
_c10151 _d10151 |
||
| 100 | _aBiswas, Mukta | ||
| 245 | 1 |
_aSamkhya-yoga epistemology / _cby Mukta Biswas |
|
| 260 |
_aNew Delhi _bD.K. Printworld _c2007 |
||
| 270 | _mdkprintworld@vsnl.net | ||
| 300 |
_ax, 244p. _c23 cm ( Hb) |
||
| 490 | _aContemporary researches in Hindu philosophy & religion; no. 15 | ||
| 500 | _aIncludes bibliographical references and index | ||
| 650 |
_aSankhya _xYoga |
||
| 942 |
_adpl _cEN _k181.43/ BIS |
||
| 999 |
_c9921 _d9921 |
||